<?xml version="1.0" encoding="UTF-8"?>
<record
    xmlns:xsi="http://www.w3.org/2001/XMLSchema-instance"
    xsi:schemaLocation="http://www.loc.gov/MARC21/slim http://www.loc.gov/standards/marcxml/schema/MARC21slim.xsd"
    xmlns="http://www.loc.gov/MARC21/slim">

  <leader>00445nam a2200169Ia 4500</leader>
  <controlfield tag="008">230718s9999    xx            000 0 und d</controlfield>
  <datafield tag="041" ind1=" " ind2=" ">
    <subfield code="a">eng</subfield>
  </datafield>
  <datafield tag="082" ind1=" " ind2=" ">
    <subfield code="a">686.224</subfield>
    <subfield code="b">ADA</subfield>
  </datafield>
  <datafield tag="100" ind1=" " ind2=" ">
    <subfield code="a">Adams J.M.</subfield>
    <subfield code="9">158870</subfield>
  </datafield>
  <datafield tag="245" ind1=" " ind2=" ">
    <subfield code="a">Printing Technology</subfield>
  </datafield>
  <datafield tag="250" ind1=" " ind2=" ">
    <subfield code="a">3rd ed.</subfield>
  </datafield>
  <datafield tag="260" ind1=" " ind2=" ">
    <subfield code="c">1988</subfield>
    <subfield code="b">Delmar Ceneage Learning</subfield>
  </datafield>
  <datafield tag="300" ind1=" " ind2=" ">
    <subfield code="a">630</subfield>
    <subfield code="d">Ref 596 E (11493)</subfield>
  </datafield>
  <datafield tag="365" ind1=" " ind2=" ">
    <subfield code="c">Rs.</subfield>
    <subfield code="b">1795.00</subfield>
  </datafield>
  <datafield tag="700" ind1=" " ind2=" ">
    <subfield code="a">Adams J.M.</subfield>
    <subfield code="9">158870</subfield>
  </datafield>
  <datafield tag="906" ind1=" " ind2=" ">
    <subfield code="d">B:719-Apr-2000</subfield>
    <subfield code="c">ETC </subfield>
    <subfield code="b">287</subfield>
  </datafield>
  <datafield tag="999" ind1=" " ind2=" ">
    <subfield code="c">300287</subfield>
    <subfield code="d">300287</subfield>
  </datafield>
  <datafield tag="952" ind1=" " ind2=" ">
    <subfield code="0">0</subfield>
    <subfield code="1">0</subfield>
    <subfield code="2">ddc</subfield>
    <subfield code="3">Ref 596 E (11493)</subfield>
    <subfield code="4">0</subfield>
    <subfield code="7">3</subfield>
    <subfield code="a">CCEP</subfield>
    <subfield code="b">CCEP</subfield>
    <subfield code="d">2000-05-08</subfield>
    <subfield code="e">Mbs</subfield>
    <subfield code="f">ETC </subfield>
    <subfield code="g">1508.00</subfield>
    <subfield code="i">7</subfield>
    <subfield code="o">686.224</subfield>
    <subfield code="p">CCEP-BK-11493</subfield>
    <subfield code="r">2023-07-18 00:00:00</subfield>
    <subfield code="t">287</subfield>
    <subfield code="v">1795.00</subfield>
    <subfield code="w">2000-04-19</subfield>
    <subfield code="y">BK</subfield>
    <subfield code="z">011493</subfield>
  </datafield>
</record>
